000 00942cam6a220026500 4500
001 tmp15699792
003 UPRA
005 20190823082720.0
008 951006s1974 enk eng u
035 _a(Sirsi) r96678
035 _a(UPRA)tmp15699792
040 _cUPRA
245 0 0 _aGuinness book of records /
_ceditors and compilers: Norris and Ross McWhirter.
246 3 0 _aGuinness book of superlatives
250 _a[21st ed.].
260 _a[Enfield :
_bGuinness Superlatives,
_c1974]
500 _a1st ed. published 1955.
500 _aTitle varies: The Guinness book of superlatives
650 0 _aCuriosities and wonders.
_6S16245.1
700 1 _aMcWhirter, Norris, 1925-
_dMcWhirter, Norris, 1925-
_6A23026.1
700 1 _aMcWhirter, Ross, 1925-1975.
_dMcWhirter, Ross, 1925-1975.
_6A23028.1
949 _aAG243
_wlcc
_mMAIN
_tBOOK
_lON-SHELF
004 96678
987 _aHoldings : use?
_bonly copy on card marked missing.
999 _c138575
_d138576